Le réalisme méthodoque

Сохранить в:
Библиографические подробности
Главный автор: Gilson, Etienne (texte et commentaire)
Формат:
Язык:французский
Опубликовано: París Pierre Téqui 1900
Редактирование:3a. ed
Серии:Collection Cours et Documents de Philosophie
Предметы:
Метки: Добавить метку
Нет меток, Требуется 1-ая метка записи!

MARC

LEADER 00000nam a2200000 a 4500
001 UCU1356
003 CL-VaPUC
008 960404e19000000FR |||||||||||||||||fre|d
082 0 4 |a 149.2  |b GIL  |2 21 
100 |a Gilson, Etienne   |e texte et commentaire  |9 349168 
245 1 3 |a Le réalisme méthodoque 
250 |a 3a. ed 
300 |a 101 p 
942 |c BK 
945 |d 19960404 00:00:00  |a rleighto 
260 |a París  |b Pierre Téqui  |c 1900 
650 0 |a Filosofía   |9 223554 
650 0 |a Realismo  |9 259117 
650 7 |a METODO  |2 CL-VaPUC  |9 357004 
650 0 |a Tomismo  |9 259214 
583 |a last modification  |c 19960404 00:00:00  |k Rodrigo Vera 
490 0 |a Collection Cours et Documents de Philosophie 
999 |c 246006  |d 246004 
952 |0 0  |1 0  |4 0  |6 149_200000000000000_GIL_1900  |7 0  |8 P  |9 260711  |a BIBEDU  |b BIBEDU  |c BIBEDU_PB  |d 2019-11-19  |i 3187047  |o 149.2 GIL 1900  |p 3187047  |r 2024-01-25  |w 2019-11-19  |y BK  |k FIL